Encyclopedia of creativity

Salvato in:
Dettagli Bibliografici
Altri autori: Runco, Mark A., Pritzker, Steven R.
Natura: Libro
Lingua:inglese
Pubblicazione: San Diego Academic Press 1999
Soggetti:
Tags: Aggiungi Tag
Nessun Tag, puoi essere il primo ad aggiungerne!!

MARC

LEADER 00000nam a2200000 4500
001 c116892
005 20221221084240.0
020 |a 0-12-227076-2 
041 0 |a eng 
044 |a US 
245 1 0 |a Encyclopedia of creativity  |c Editors Mark A. Runco, Steven R. Pritzker 
264 1 |a San Diego  |b Academic Press  |c 1999 
300 |a 853 s. 
610 2 0 |a kreativita 
610 2 0 |a osobnosť 
610 2 0 |a tvorivosť vedecká 
610 2 0 |a inteligencia 
610 2 0 |a inteligencia umelá 
610 2 0 |a kolektív 
610 2 0 |a práca tvorivá 
610 2 0 |a práca vedecká 
610 2 0 |a práca tímová 
610 2 0 |a umelci 
610 2 0 |a umenie 
700 1 |a Runco, Mark A. 
700 1 |a Pritzker, Steven R.